UBT Library

Direct mail design. (Record no. 43149)

000 -LEADER
fixed length control field 00552cam a22002291 4500
001 - CONTROL NUMBER
control field 10318830
005 - DATE AND TIME OF LATEST TRANSACTION
control field 20180222043004.0
008 - FIXED-LENGTH DATA ELEMENTS--GENERAL INFORMATION
fixed length control field 750527s1963 nyua b 000 0 eng
010 ## - LIBRARY OF CONGRESS CONTROL NUMBER
LC control number 63011422
035 ## - SYSTEM CONTROL NUMBER
System control number (OCoLC)1356098
040 ## - CATALOGING SOURCE
Original cataloging agency DLC
Transcribing agency FM
Modifying agency OCoLC
-- DLC
041 ## - LANGUAGE CODE
Language code of text/sound track or separate title eng
042 ## - AUTHENTICATION CODE
Authentication code premarc
080 ## - UNIVERSAL DECIMAL CLASSIFICATION NUMBER
Universal Decimal Classification number 659.133 BAL
082 ## - DEWEY DECIMAL CLASSIFICATION NUMBER
Classification number 659.133 BAL
100 1# - Rafti
Rafti 39
101 ## - Shkurtesa
Shkurtesa MED
245 10 - TITLE STATEMENT
Title Direct mail design.
504 ## - BIBLIOGRAPHY, ETC. NOTE
Bibliography, etc Bibliography: p. 221.
906 ## - LOCAL DATA ELEMENT F, LDF (RLIN)
a 7
b cbc
c oclcrpl
d u
e ncip
f 19
g y-gencatlg
942 ## - ADDED ENTRY ELEMENTS (KOHA)
Source of classification or shelving scheme
Item type Books
Holdings
Withdrawn status Lost status Source of classification or shelving scheme Damaged status Not for loan Collection code Permanent location Current location Shelving location Date acquired Total Checkouts Full call number Barcode Date last seen Price effective from Koha item type
          Koleksioni i përgjithshem UBT - Lipjan UBT - Lipjan Koleksioni i përgjithshem 02/22/2018   659.133 BAL 002-2999921 02/22/2018 02/22/2018 Books
UBT Library © 2015-2024. All rights reserved University Education for Business and Technology